000 00307nam a2200121Ia 4500
008 190216s9999||||xx |||||||||||||| ||und||
100 _a"Edmund W Sinnott,Dunn L C,Theosius Dobzha N Sky"
245 0 _aPrinciples Ofgentics
260 _bMcgraw -hill
_c1958
300 _a456p
650 _aBotany
942 _cBK
999 _c1110
_d1110